|
|
|
|
| LEADER |
00000cam a22000002c 4500 |
| 001 |
1142019780 |
| 003 |
DE-627 |
| 005 |
20260206195049.0 |
| 007 |
tu |
| 008 |
990109s1960 xx ||||| 00| ||eng c |
| 035 |
|
|
|a (DE-627)1142019780
|
| 035 |
|
|
|a (DE-603)202342840
|
| 035 |
|
|
|a (DE-576)072019786
|
| 035 |
|
|
|a (DE-599)BSZ072019786
|
| 035 |
|
|
|a (OCoLC)01088489
|
| 040 |
|
|
|a DE-627
|b ger
|c DE-627
|e rakwb
|
| 041 |
|
|
|a eng
|
| 082 |
0 |
|
|a 365.942
|
| 084 |
|
|
|a 2,1
|2 ssgn
|
| 084 |
|
|
|a PH 6165
|2 rvk
|0 (DE-625)rvk/136408:406
|
| 100 |
1 |
|
|a Howard, Derek L.
|0 (DE-627)1231497335
|0 (DE-576)161497330
|4 aut
|
| 109 |
|
|
|a Howard, Derek L.
|a Howard, D. L.
|
| 245 |
1 |
4 |
|a The English prisons
|b their past and their future
|c by D. L. Howard
|
| 264 |
|
1 |
|a London
|b Methuen
|c 1960
|
| 300 |
|
|
|a XV, 174 S.
|
| 336 |
|
|
|a Text
|b txt
|2 rdacontent
|
| 337 |
|
|
|a ohne Hilfsmittel zu benutzen
|b n
|2 rdamedia
|
| 338 |
|
|
|a Band
|b nc
|2 rdacarrier
|
| 583 |
1 |
|
|a Archivierung prüfen
|c 20200919
|f DE-640
|z 3
|2 pdager
|
| 650 |
|
4 |
|a Strafvollzug
|x Geschichte
|7 (dpeaa)DE-2619
|
| 650 |
|
4 |
|a Strafvollzug
|7 (dpeaa)DE-2619
|
| 650 |
|
4 |
|a Strafvollzugsanstalt
|7 (dpeaa)DE-2619
|
| 651 |
|
7 |
|0 (DE-588)4022153-2
|0 (DE-627)104665513
|0 (DE-576)208942076
|a Großbritannien
|2 gnd
|7 (dpeaa)DE-2619
|
| 935 |
|
|
|a mkri
|
| 935 |
|
|
|h HEB
|i 0501
|
| 935 |
|
|
|h HEB
|i 0503
|
| 936 |
r |
v |
|a PH 6165
|b Strafverfahrensrecht, Strafvollzug, Gesetzgebungsmaterialien und -entwürfe zum Strafverfahrensrecht und Strafvollzug
|k Rechtswissenschaft
|k Strafrecht, Strafverfahrensrecht, Kriminologie
|k Vergleichendes und ausländisches Straf- und Strafprozessrecht einschliesslich Strafvollzug
|k Ausländisches Recht - Einzelne Länder
|k Westeuropa
|k Grossbritannien
|k Strafverfahrensrecht, Strafvollzug, Gesetzgebungsmaterialien und -entwürfe zum Strafverfahrensrecht und Strafvollzug
|0 (DE-627)1272577309
|0 (DE-625)rvk/136408:406
|0 (DE-576)202577309
|
| 936 |
s |
n |
|a p100
|2 mzub
|
| 951 |
|
|
|a BO
|
| ELC |
|
|
|b 1
|
| LOK |
|
|
|0 000 xxxxxcx a22 zn 4500
|
| LOK |
|
|
|0 001 3037757477
|
| LOK |
|
|
|0 003 DE-627
|
| LOK |
|
|
|0 004 1142019780
|
| LOK |
|
|
|0 005 20181212072143
|
| LOK |
|
|
|0 008 181212||||||||||||||||ger|||||||
|
| LOK |
|
|
|0 040
|a DE-Frei85
|c DE-627
|d DE-Frei85
|
| LOK |
|
|
|0 852
|a DE-Frei85
|
| LOK |
|
|
|0 852 1
|m p
|9 00
|
| LOK |
|
|
|0 938
|k p
|
| LOK |
|
|
|0 939
|a 12-12-18
|b l01
|
| LOK |
|
|
|0 000 xxxxxcx a22 zn 4500
|
| LOK |
|
|
|0 001 4196236650
|
| LOK |
|
|
|0 003 DE-627
|
| LOK |
|
|
|0 004 1142019780
|
| LOK |
|
|
|0 005 20221011150117
|
| LOK |
|
|
|0 008 221011||||||||||||||||ger|||||||
|
| LOK |
|
|
|0 035
|a (DE-2619)k00711
|
| LOK |
|
|
|0 040
|a DE-2619
|c DE-627
|d DE-2619
|
| LOK |
|
|
|0 092
|o n
|
| LOK |
|
|
|0 541
|e Bestand Albert-Krebs-Bibliothek: 1996-661
|
| LOK |
|
|
|0 852
|a DE-2619
|
| LOK |
|
|
|0 852 1
|c NZ.20.008
|m p
|9 00
|
| LOK |
|
|
|0 935
|a kreb
|
| LOK |
|
|
|0 938
|k p
|
| LOK |
|
|
|0 939
|a 11-10-22
|b l01
|
| ORI |
|
|
|a SA-MARC-krimdoka001.raw
|